| 000 | 00354nam a2200145Ia 4500 | ||
|---|---|---|---|
| 008 | 191201s2010 xx 000 0 und d | ||
| 082 |
_a004 _bPUT |
||
| 100 | _aPundir, Sudhir K. | ||
| 245 | 0 | _aTheory of Computation | |
| 250 | _a6th | ||
| 260 |
_aN.Delhi _bPragati Prakashan Meerut _c2010 |
||
| 300 | _a405 | ||
| 650 | _aB.Tech(CSE) | ||
| 942 |
_2ddc _cBK _02 |
||
| 999 |
_c4110 _d4110 |
||